000 00648nam a2200241Ia 4500
003 OSt
005 20221007072345.0
006 a|||||r|||| 00| 0
007 ta
008 221006b |||||||| |||| 00| 0 eng d
024 _a25,301
037 _cTextual
040 _aFLL
_cFLL
_beng
041 _2eng
_aeng
082 _aZ3:8e, H8.2
100 _aRichardson J. Brook
_9690528
245 0 _aForms and precedents in conveyancing
250 _a24th
260 _aLondon
_bStevens & Sons Ltd. London
_c1951
300 _axc,1-1168p
_ccm.
942 _hZ3:8e, H8.2
_cTEXL
_2CC
999 _c1145851
_d1145851